00764cam a2200241 a 45000010008000000030004000080050017000120080041000290100017000700200025000870400018001120500022001300820022001521000021001742450129001952500012003242600041003363000021003775040051003986500016004496500018004656500039004834850300OSt20230620114941.0910130s1992 nyu 001 0 eng  a 91007342  a0688108822 :c$21.00 aDLCcDLCdDLC00aJA83b.B2482 199200a320.5/13220bBAR1 aBarash, David P.14aThe L word :ban unapologetic, thoroughly biased, long-overdue explication and celebration of liberalism /cDavid P. Barash. a1st ed. aNew York, N.Y. :bW. Morrow,cc1992. a233 p. ;c25 cm. aIncludes bibliographical references and index. 0aLiberalism. 0aConservatism. 0aRight and left (Political science)